000
00319nam a2200157Ia 4500
100
_a
Haykin/Simon
650
_a
Communication
250
_a
4
942
_c
BK
245
_a
Communication system
260
_b
Wiley India
_c
2001
082
_a
621.382
_b
HAY
300
_a
816
546
_a
ENGLISH
_c
TTL
999
_c
20319
_d
20319